000 00811nam a2200253 i 4500
001 bg
100 1 _aŁUBA, Tadeusz
245 1 0 _aSpecjalizowane układy cyfrowe w strukturach PLD i FPGA /
_cTadeusz Łuba, Krzysztof Jasiński, Bogdan Zbierzchowski.
260 _aWarszawa :
_bWydawnictwa Komunikacji i Łączności,
_c1997.
300 _a248 s. :
_brys. ;
_c24 cm.
504 _aBibliogr. s. 243-248.
650 9 _aUkłady cyfrowe
_xbudowa i organizacja
650 9 _aUkłady cyfrowe
_xprogramowanie
655 _aPodręczniki
700 1 _aJASIŃSKI, Krzysztof
700 1 _aZBIERZCHOWSKI, Bogdan
020 _a8320612357
040 _cBPK
041 0 _apl
080 _a004.31:004.4'42:621.3.049.77](07)
920 _a83-206-1235-7
942 _cKS
008 s pl f |000 0 pol
999 _c36685
_d36685